<?xml version="1.0" encoding="UTF-8"?>
<collection xmlns="http://www.loc.gov/MARC21/slim">
 <record>
  <leader>     na                 </leader>
  <controlfield tag="001">INLIS000000000014910</controlfield>
  <controlfield tag="005">20251023095148</controlfield>
  <datafield tag="035" ind1=" " ind2=" ">
   <subfield code="a">0010-1025000050</subfield>
  </datafield>
  <datafield tag="245" ind1="1" ind2=" ">
   <subfield code="a">Dasar fotografi :</subfield>
   <subfield code="b">cara cepet memahami fotografi /</subfield>
   <subfield code="c">Teguh Setiadi</subfield>
  </datafield>
  <datafield tag="100" ind1="0" ind2=" ">
   <subfield code="a">Teguh Setiadi</subfield>
  </datafield>
  <datafield tag="300" ind1=" " ind2=" ">
   <subfield code="a">viii, 104 hlm.; 23 cm. :</subfield>
   <subfield code="b">Ilustrasi</subfield>
  </datafield>
  <datafield tag="700" ind1="0" ind2=" ">
   <subfield code="a">Pustri Christian (editor)</subfield>
  </datafield>
  <datafield tag="260" ind1=" " ind2=" ">
   <subfield code="a">Yogyakarta :</subfield>
   <subfield code="b">Andi,</subfield>
   <subfield code="c">2017</subfield>
  </datafield>
  <datafield tag="082" ind1=" " ind2=" ">
   <subfield code="a">770</subfield>
  </datafield>
  <datafield tag="084" ind1=" " ind2=" ">
   <subfield code="a">770 TEG d</subfield>
  </datafield>
  <datafield tag="020" ind1=" " ind2=" ">
   <subfield code="a">978-979-29-6281-9</subfield>
  </datafield>
  <datafield tag="650" ind1=" " ind2=" ">
   <subfield code="a">FotografI</subfield>
  </datafield>
  <datafield tag="520" ind1=" " ind2=" ">
   <subfield code="a">Buku Dasar Fotografi ini merupakan pedoman dalam melakukan kegiatan praktik memotret langsung. Buku ini dapat membantu kalangan umum sampai mahasiswa dalam mempersiapkan dan melaksanakan pengenalan teknik-teknik dasar kamera untuk pemotretan dengan lebih baik, terarah, dan terencana. &#13;
&#13;
Pada setiap topik telah ditetapkan tujuan paling mendalam mengenai penguasaan teknik pemotretan. Buku ini juga membahas semua kegiatan yang harus dilakukan dengan teknik kamera serta teori untuk memperdalam pemahaman mengenai materi yang dibahas. Buku ini lebih ditujukan untuk para pemula yang memiliki keinginan mendalami fotografi.</subfield>
  </datafield>
  <controlfield tag="008">251023                d          0 ind  </controlfield>
  <datafield tag="990" ind1=" " ind2=" ">
   <subfield code="a">025.4369/PC/25</subfield>
  </datafield>
  <datafield tag="990" ind1=" " ind2=" ">
   <subfield code="a">025.4370/PC/25</subfield>
  </datafield>
  <datafield tag="990" ind1=" " ind2=" ">
   <subfield code="a">025.4371/PC/25</subfield>
  </datafield>
 </record>
</collection>
